000 00701nam a2200157 a 4500
001 000040362
005 20201002034101.0
008 130822d2010 mx 000 0 spa d
020 _a9786070215261
040 _aDO-SdBNP
_bspa
_cBNPHU
100 1 _aZavala, Silvio
_946363
245 1 3 _aEl castellano ¿Lengua obligatoria? :
_bDiscurso de ingreso a la Ademía Mexicana de la Lengua 28 de enero de 1977, respuesta de Manuel Alcalá Anaya /
_cSilvio Zavala.
260 _aMéxico :
_bUniversidad Nacional Autónoma de México :
_bDifusión Cultural, Dirección General de Publicaciones y Fomen : Academia Mexicana de la Lengua,
_c2010.
300 _a167 p. ;
_c18 cm.
700 1 _aAlcalá Anaya, Mauel
_966662
999 _c39852
_d39852